| 000 | 00543cam a2200217ua 4500 | ||
|---|---|---|---|
| 001 | 20 | ||
| 008 | 190725n ii |||gr||||Z||||||eng | ||
| 020 | _a978-0-07-463557-5 | ||
| 020 | _a0-07-463557-3 | ||
| 040 | _cMAIN | ||
| 041 | _aeng | ||
| 082 | _a005.118 | ||
| 100 | _aCornell, Gary., | ||
| 245 |
_aVisual basic 6 from the ground up _cBy Gary Cornell |
||
| 250 | _a1999th. | ||
| 260 |
_aNew Delhi: _bMcgraw Hill., _c2008. |
||
| 300 |
_axvii, 932 p.: _bill; _c24 cm. |
||
| 653 | _aComputer science | ||
| 653 | _aVisual Basic 6 | ||
| 942 | _cBK | ||
| 999 |
_c15 _d15 |
||